| 000 | 00867nam a22002057a 4500 | ||
|---|---|---|---|
| 003 | OSt | ||
| 005 | 20250930163405.0 | ||
| 008 | 240319b ||||| |||| 00| 0 eng d | ||
| 040 | _c0 | ||
| 082 | _aDPer 621.381 In821 August 2022 v. 37 n. 8 | ||
| 100 |
_aZhou, Weiyang. _eauthor. _955019 |
||
| 245 |
_aA fast-speed GMPPT method for PV Gaussian laser beam condition in wireless power transfer application / _cWeiyang Zhou, Ke Jin, and Ran Zhang. |
||
| 260 |
_aNew York ; _bThe Institute of Electrical and Electronics Engineers, Inc. , _cAugust 2022. |
||
| 300 |
_aVolume 37, pages 10016-10028 : _billustration ; _c28 cm. |
||
| 500 | _aIEEE Transitions on Power Electronics, v. 37 n. 8, pages 10016-10028, August 2022. | ||
| 700 |
_aZhou, Weiyang. _eauthor. _955019 |
||
| 700 |
_aJin, Ke. _eauthor. _955020 |
||
| 700 |
_aZhang, Ran. _eauthor. _955021 |
||
| 942 |
_2ddc _cPER |
||
| 999 |
_c19757 _d19757 |
||